México : descubrir y conocer México /

שמור ב:
מידע ביבליוגרפי
מחבר ראשי: Müller-Wöbcke, Brigit (autor)
פורמט: ספר
שפה:ספרדית
יצא לאור: A Coruña, España Everest, 1995, c1995
סדרה:(Merian Essencial)
נושאים:
תגים: הוספת תג
אין תגיות, היה/י הראשונ/ה לתייג את הרשומה!

MARC

LEADER 00000nam^a2200000^a^4500
001 000066387
005 20250521000000.0
009 20260310091213.174
020 |a 84-241-3741-8 
037 |a Acervo ITESO - Biblioteca 
041 |a ESP 
082 |a 917. 204  |b MUL 
100 |a Müller-Wöbcke, Brigit  |e (autor) 
245 1 0 |a México :  |b descubrir y conocer México /  |c B. Müller-Wöbcke ; tr. por Ambrosio Berasaín. 
264 4 |a A Coruña, España  |b Everest,  |c 1995, c1995 
300 |a 126 p. 
336 |a texto  |b txt  |2 rdacontenido 
337 |a sin mediación  |b n  |2 rdamedio 
338 |a volumen  |b nc  |2 rdasoporte 
440 1 |a (Merian Essencial) 
649 |a XX 
650 |a Guías Turísticas 
650 |a México -  |x Descripción -  |x Guías Turísticas 
650 |a Turismo -  |z México 
910 |a Fondo General 
920 |a Impresos - Libros 
930 |a Obras de Referencia 
905 |a 102 
901 |a 0500021497  |b IT2  |c REF  |u 20250521 
902 |a https://opac.biblio.iteso.mx/vufind/Record/000066387